[Event "CZE-ch Youth B14 2022"]
[Site "Luhacovice"]
[Date "2022.03.14"]
[Round "4.5"]
[White "Setina, Vaclav"]
[Black "Kubin, Tomas Daniel"]
[Result "1-0"]
[WhiteElo "1881"]
[BlackElo "1666"]
[Annotator "NA"]
[PlyCount "93"]
[EventDate "2022.03.12"]
[EventType "swiss"]
[EventCountry "CZE"]
[SourceTitle "playchess.com"]
[Source "ChessBase"]
[SourceQuality "1"]
[TimeControl "40/5400+30:1800+30"]

1. e4 {[%emt 0:00:00]} c5 {[%emt 0:00:09]} 2. c3 {[%emt 0:00:05]} d5 {[%emt 0:00:55]} 3. exd5 {[%emt 0:00:06]} Qxd5 {[%emt 0:00:15]} 4. d4 {[%emt 0:00:12]} Nc6 {[%emt 0:03:39]} 5. Nf3 {[%emt 0:00:06]} Bg4 {[%emt 0:03:20]} 6. Be2 $1 {[%emt 0:00:10]} cxd4 {[%emt 0:01:11]} 7. cxd4 {[%emt 0:00:08]} e6 {[%emt 0:03:12]} 8. Nc3 {[%emt 0:00:09]} Qa5 {[%emt 0:01:57]} 9. Be3 {[%emt 0:01:13]} Nf6 {[%emt 0:01:41]} 10. O-O {[%emt 0:00:21]} Be7 {[%emt 0:04:12]} 11. h3 {[%emt 0:00:12]} Bh5 {[%emt 0:02:12]} 12. a3 {[%emt 0:00:25]} O-O {[%emt 0:01:32]} 13. Qb3 {[%emt 0:02:22]} Qc7 {[%emt 0:05:30]} 14. Rfd1 {[%emt 0:03:14]} Rfd8 {[%emt 0:01:45]} 15. d5 {[%emt 0:14:45]} exd5 {[%emt 0:04:02]} 16. Nxd5 {[%emt 0:02:15]} Nxd5 {[%emt 0:00:23]} 17. Rxd5 {[%emt 0:01:00]} Rxd5 {[%emt 0:00:14]} 18. Qxd5 {[%emt 0:00:03]} Bg6 {[%emt 0:00:52]} 19. b4 {[%emt 0:02:43]} Rd8 {[%emt 0:08:49]} 20. Qb3 {[%emt 0:03:33]} Bf6 {[%emt 0:01:05]} 21. Rc1 {[%emt 0:01:45]} Qb8 {[%emt 0:01:39]} 22. b5 {[%emt 0:03:16]} Ne7 {[%emt 0:04:19]} 23. b6 {[%emt 0:10:27]} a6 {[%emt 0:06:17]} 24. Bg5 {[%emt 0:05:26]} Bxg5 {[%emt 0:08:04]} 25. Nxg5 {[%emt 0:05:12]} Qe5 {[%emt 0:01:38]} 26. Nf3 {[%emt 0:14:38]} Qxe2 {[%emt 0:09:09]} 27. Re1 {[%emt 0:00:28]} Bc2 {[%emt 0:00:35]} 28. Rxe2 {[%emt 0:01:38]} Bxb3 {[%emt 0:00:14]} 29. Rxe7 {[%emt 0:00:03]} Bd5 {[%emt 0:00:09]} 30. a4 {[%emt 0:09:24]} Kf8 {[%emt 0:01:01]} 31. Rc7 {[%emt 0:00:08]} Ke8 {[%emt 0:04:10]} 32. Ne5 {[%emt 0:08:46]} f6 {[%emt 0:02:32]} 33. Nd3 {[%emt 0:00:13]} Rd7 {[%emt 0:01:18]} 34. Nc5 {[%emt 0:00:25]} Re7 {[%emt 0:04:31]} 35. Rc8+ {[%emt 0:00:39]} Kf7 {[%emt 0:00:09]} 36. a5 {[%emt 0:01:09]} Kg6 {[%emt 0:09:27]} (36... Re1+ $11 {keeps the balance.} 37. Kh2 Re8 38. Rc7+ Re7) 37. f3 {[%emt 0:01:23]} Re1+ {[%emt 0:00:43]} 38. Kh2 {[%emt 0:03:02]} Ra1 $1 {[%emt 0:00:19]} 39. Rd8 {[%emt 0:04:36]} Bc6 {[%emt 0:01:52]} 40. Nb3 {[%emt 0:00:16]} Ra3 $2 {[%emt 0:00:48]} (40... Ra4 $11 {and Black stays safe.}) 41. Nd4 {[%emt 0:32:54]} Ba4 {[%emt 0:05:37]} 42. Rb8 {[%emt 0:00:00]} Bc6 {[%emt 0:06:20]} 43. Nxc6 {[%emt 0:00:00]} bxc6 {[%emt 0:00:17]} 44. Rc8 {[%emt 0:00:00]} Rb3 {[%emt 0:01:06]} 45. Rxc6 {[%emt 0:00:00]} Rb5 {[%emt 0:00:12]} 46. Rc8 $18 {[%emt 0:00:00]} h6 {[%emt 0:02:07]} 47. Ra8 {[%emt 0:00:00]} 1-0

[Event "CZE-ch Youth B14 2022"]
[Site "Luhacovice"]
[Date "2022.03.14"]
[Round "4.6"]
[White "Soucek, Jan"]
[Black "Sigut, Ondrej"]
[Result "1-0"]
[WhiteElo "1849"]
[BlackElo "1536"]
[Annotator "NA RC"]
[PlyCount "131"]
[EventDate "2022.03.12"]
[EventType "swiss"]
[EventCountry "CZE"]
[SourceTitle "playchess.com"]
[Source "ChessBase"]
[SourceQuality "1"]
[TimeControl "40/5400+30:1800+30"]

1. d4 {[%emt 0:00:54]} d5 {[%emt 0:00:26]} 2. Nf3 {[%emt 0:04:23]} g6 {[%emt 0:04:06]} 3. e3 {[%emt 0:02:00]} Bg7 {[%emt 0:01:17]} 4. Bd3 {[%emt 0:00:40]} Nf6 {[%emt 0:00:51]} 5. O-O {[%emt 0:00:29]} O-O {[%emt 0:00:26]} 6. Nbd2 {[%emt 0:00:39]} c6 {[%emt 0:01:28]} 7. b3 {[%emt 0:02:26]} Nbd7 {[%emt 0:03:13]} 8. Bb2 {[%emt 0:00:36]} Qc7 {[%emt 0:03:29]} 9. c4 {[%emt 0:07:28]} dxc4 {[%emt 0:04:03]} 10. Nxc4 {[%emt 0:10:59]} Nb6 {[%emt 0:08:06]} 11. Nce5 {[%emt 0:10:24]} Ng4 {[%emt 0:10:01]} 12. Nc4 {[%emt 0:10:49]} Nxc4 {[%emt 0:03:55]} 13. Bxc4 {[%emt 0:00:08]} Bf5 {[%emt 0:02:34]} 14. h3 {[%emt 0:06:43]} Nf6 {[%emt 0:01:14]} 15. b4 {[%emt 0:06:20]} Rad8 {[%emt 0:06:31]} 16. Qb3 {[%emt 0:04:33]} Ne4 {[%emt 0:10:22]} 17. a4 {[%emt 0:03:22]} Nd6 {[%emt 0:04:19]} 18. Bd3 {[%emt 0:00:48]} Bxd3 {[%emt 0:01:22]} 19. Qxd3 {[%emt 0:00:11]} Qb6 {[%emt 0:05:28]} 20. Ba3 {[%emt 0:09:53]} Rfe8 {[%emt 0:06:18]} 21. Qe2 {[%emt 0:07:54]} Qc7 {[%emt 0:03:19]} 22. Ra2 {[%emt 0:02:07]} (22. b5 $14) 22... a6 {[%emt 0:03:49]} 23. Rb1 Rb8 {[%emt 0:04:27]} 24. b5 {[%emt 0:03:23]} axb5 {[%emt 0:01:34]} 25. Bxd6 {[%emt 0:00:07]} Qxd6 {[%emt 0:00:16]} 26. axb5 {[%emt 0:00:04]} Rec8 {[%emt 0:02:44]} 27. bxc6 {[%emt 0:02:18]} bxc6 {[%emt 0:03:14]} 28. Rc1 {[%emt 0:01:27]} Rb7 {[%emt 0:01:56]} 29. Rac2 {[%emt 0:03:04]} Rbc7 {[%emt 0:01:01]} 30. Rc5 {[%emt 0:02:13]} e6 31. Qa6 {[%emt 0:00:11]} f6 {[%emt 0:03:48]} 32. Nd2 {[%emt 0:00:55]} Bf8 {[%emt 0:00:56]} 33. Ne4 {[%emt 0:00:25]} Qd8 {[%emt 0:01:17]} 34. Rxc6 {[%emt 0:00:02]} Rxc6 {[%emt 0:02:42]} 35. Rxc6 {[%emt 0:00:05]} Rxc6 {[%emt 0:00:38]} 36. Qxc6 {[%emt 0:00:02]} Kf7 {[%emt 0:00:45]} 37. Nc3 {[%emt 0:01:04]} Be7 (37... Qe8 $142 38. Qa6 Qd7) 38. Nb5 {[%emt 0:00:27]} h5 {[%emt 0:03:05]} 39. Nc7 {[%emt 0:01:52]} Qd6 $2 {[%emt 0:00:24]} (39... Bd6 $16) 40. Qxd6 $2 {[%emt 0:00:30]} (40. Qe8+ $18 {and White stays clearly on top.} Kg7 41. Nb5 (41. Qc8 Kf7 $16)) 40... Bxd6 {[%emt 0:00:02]} 41. Nb5 {[%emt 0:30:01]} Bb4 {[%emt 0:30:32]} 42. Kf1 {[%emt 0:00:00]} Ke7 {[%emt 0:00:00]} 43. Ke2 {[%emt 0:00:00]} Kd7 {[%emt 0:00:00]} 44. Kd3 {[%emt 0:00:00]} Kc6 {[%emt 0:00:00]} 45. Nc3 {[%emt 0:00:00]} Be7 {[%emt 0:00:00]} 46. Ke4 {[%emt 0:00:00]} Kd6 {[%emt 0:00:00] [#]} 47. Ne2 $1 {[%emt 0:00:00]} g5 {[%emt 0:00:00]} 48. g4 {[%emt 0:00:00]} hxg4 {[%emt 0:00:00]} 49. hxg4 {[%emt 0:00:00]} Bd8 {[%emt 0:00:00]} 50. f4 {[%emt 0:00:54]} gxf4 {[%emt 0:00:00]} 51. exf4 {[%emt 0:00:09]} Be7 {[%emt 0:00:00]} 52. Ng1 {[%emt 0:00:19]} Bf8 {[%emt 0:00:00] [#]} 53. f5 $1 {[%emt 0:04:51]} Be7 {[%emt 0:00:00]} 54. fxe6 {[%emt 0:00:15]} ({White should play} 54. Nh3 $16) 54... Kxe6 {[%emt 0:00:00]} 55. Nh3 {[%emt 0:00:46]} Bd8 {[%emt 0:00:00]} 56. Nf4+ {[%emt 0:00:33]} Kd6 {[%emt 0:00:00]} 57. Kf5 $16 {[%emt 0:00:41]} Be7 {[%emt 0:00:00]} 58. Ke4 {[%emt 0:00:34]} Bd8 {[%emt 0:00:00]} 59. Kf5 {[%emt 0:00:15]} Be7 {[%emt 0:00:00]} 60. Kg6 {[%emt 0:00:23]} Bd8 {[%emt 0:00:00]} 61. Kf7 {[%emt 0:00:27]} Bb6 {[%emt 0:03:02]} 62. Ne6 {[%emt 0:00:07]} Bxd4 {[%emt 0:00:34]} 63. Nxd4 {[%emt 0:00:40]} Ke5 {[%emt 0:00:13]} 64. Nf5 {[%emt 0:00:38]} Kf4 {[%emt 0:00:37]} 65. Nh6 {[%emt 0:00:13]} Kg5 {[%emt 0:03:18]} 66. Kg7 {[%emt 0:00:03]} 1-0

[Event "CZE-ch Youth B14 2022"]
[Site "Luhacovice"]
[Date "2022.03.14"]
[Round "4.7"]
[White "Jasso, Matej"]
[Black "Siles, Jan"]
[Result "1/2-1/2"]
[WhiteElo "1726"]
[BlackElo "1548"]
[Annotator "NA"]
[PlyCount "107"]
[EventDate "2022.03.12"]
[EventType "swiss"]
[EventCountry "CZE"]
[SourceTitle "playchess.com"]
[Source "ChessBase"]
[SourceQuality "1"]
[TimeControl "40/5400+30:1800+30"]

1. e4 {[%emt 0:00:04]} c5 {[%emt 0:00:14]} 2. Nf3 {[%emt 0:00:10]} Nc6 {[%emt 0:00:23]} 3. d4 {[%emt 0:00:09]} cxd4 {[%emt 0:00:00]} 4. Nxd4 {[%emt 0:00:04]} g6 {[%emt 0:00:17]} 5. Be3 {[%emt 0:00:09]} Bg7 {[%emt 0:00:37]} 6. Nc3 {[%emt 0:00:08]} Nf6 {[%emt 0:00:07]} 7. Bc4 {[%emt 0:00:17]} O-O {[%emt 0:01:09]} 8. Bb3 d6 9. f3 {[%emt 0:01:08]} Bd7 {[%emt 0:00:53]} 10. Qd2 {[%emt 0:00:42]} Rc8 {[%emt 0:00:20]} 11. O-O-O {[%emt 0:01:15]} Ne5 {[%emt 0:05:29]} 12. h4 {[%emt 0:00:46]} Nc4 {[%emt 0:00:57]} 13. Bxc4 {[%emt 0:00:18]} Rxc4 {[%emt 0:00:03]} 14. h5 {[%emt 0:02:11]} Qc7 {[%emt 0:11:02]} 15. Nb3 {[%emt 0:05:34]} Be6 {[%emt 0:28:04]} 16. g4 {[%emt 0:14:09]} Rc8 {[%emt 0:01:21]} 17. Bd4 {[%emt 0:01:21]} b5 {[%emt 0:03:20]} 18. Rh2 {[%emt 0:05:40]} a6 {[%emt 0:10:24]} 19. Rdh1 {[%emt 0:06:22]} b4 {[%emt 0:09:34]} 20. Nd1 {[%emt 0:06:44]} a5 {[%emt 0:06:34]} 21. Bxf6 {[%emt 0:03:14]} Bxf6 {[%emt 0:03:58]} 22. hxg6 {[%emt 0:02:50]} fxg6 {[%emt 0:03:38]} 23. Kb1 {[%emt 0:04:49]} a4 {[%emt 0:03:39]} 24. Nc1 {[%emt 0:01:52]} b3 {[%emt 0:04:05]} 25. c3 {[%emt 0:03:37]} bxa2+ {[%emt 0:00:49]} 26. Nxa2 {[%emt 0:00:50]} a3 {[%emt 0:02:29]} 27. Rxh7 {[%emt 0:02:18]} Bg7 {[%emt 0:03:05]} 28. Qg5 {[%emt 0:01:04]} Bf7 {[%emt 0:01:00]} 29. Qh4 {[%emt 0:03:19]} Be8 {[%emt 0:00:08]} 30. Ne3 {[%emt 0:03:17]} Qb7 {[%emt 0:00:51]} 31. b4 {[%emt 0:00:48]} Rxc3 {[%emt 0:00:24]} 32. Rxg7+ {[%emt 0:00:42]} Kxg7 {[%emt 0:00:01]} 33. Qh8+ {[%emt 0:02:15]} Kf7 {[%emt 0:00:02]} 34. Rh7+ {[%emt 0:01:19]} Ke6 {[%emt 0:00:03]} 35. Qg8+ {[%emt 0:01:20]} Kd7 {[%emt 0:01:02]} 36. Rxe7+ {[%emt 0:00:51]} Kxe7 {[%emt 0:00:01]} 37. Qg7+ {[%emt 0:00:10]} Bf7 {[%emt 0:00:25]} 38. Nd5+ {[%emt 0:00:09]} Qxd5 {[%emt 0:00:56]} 39. exd5 {[%emt 0:01:11]} Rb3+ {[%emt 0:00:57]} 40. Ka1 {[%emt 0:00:14]} Re3 {[%emt 0:00:29]} 41. g5 {[%emt 0:34:31]} Rxf3 {[%emt 0:01:56]} 42. Qd4 {[%emt 0:00:00]} Rf1+ {[%emt 0:01:41]} 43. Nc1 {[%emt 0:00:00]} Rcxc1+ {[%emt 0:03:58]} 44. Ka2 {[%emt 0:00:00]} Rc2+ {[%emt 0:00:54]} 45. Kxa3 {[%emt 0:00:00]} Rf3+ {[%emt 0:04:24]} 46. Ka4 {[%emt 0:00:00]} Ra2+ {[%emt 0:02:45]} 47. Kb5 {[%emt 0:00:00]} Be8+ {[%emt 0:00:59]} 48. Kb6 {[%emt 0:00:00]} Raa3 {[%emt 0:01:45]} 49. Qe4+ {[%emt 0:00:00]} Kd8 {[%emt 0:11:49]} 50. Qe6 {[%emt 0:00:00]} Rf7 {[%emt 0:00:01]} 51. Qxd6+ {[%emt 0:00:00]} Rd7 {[%emt 0:00:49]} 52. Qf6+ {[%emt 0:00:00]} Kc8 {[%emt 0:01:02]} 53. Qf8 {[%emt 0:00:00]} Kd8 {[%emt 0:00:30]} 54. Qf6+ {[%emt 0:00:00]} 1/2-1/2

[Event "CZE-ch Youth B14 2022"]
[Site "Luhacovice"]
[Date "2022.03.14"]
[Round "4.8"]
[White "Svoboda, Daniel"]
[Black "Dusanek, Michal"]
[Result "1-0"]
[WhiteElo "1619"]
[BlackElo "1682"]
[Annotator "NA"]
[PlyCount "57"]
[EventDate "2022.03.12"]
[EventType "swiss"]
[EventCountry "CZE"]
[SourceTitle "playchess.com"]
[Source "ChessBase"]
[SourceQuality "1"]
[TimeControl "40/5400+30:1800+30"]

1. e4 {[%emt 0:00:03]} c5 {[%emt 0:00:15]} 2. Nf3 {[%emt 0:00:11]} d6 {[%emt 0:01:14]} 3. d4 {[%emt 0:01:33]} cxd4 {[%emt 0:00:21]} 4. Nxd4 {[%emt 0:00:40]} Nf6 {[%emt 0:00:22]} 5. Nc3 {[%emt 0:00:20]} e6 {[%emt 0:02:00]} 6. Be2 {[%emt 0:02:08]} Be7 {[%emt 0:01:04]} 7. O-O {[%emt 0:01:21]} a6 {[%emt 0:01:28]} 8. a4 {[%emt 0:02:15]} b6 {[%emt 0:07:36]} 9. f4 {[%emt 0:08:15]} Bb7 {[%emt 0:03:02]} 10. Bf3 {[%emt 0:00:42]} O-O {[%emt 0:04:42]} 11. e5 {[%emt 0:08:13]} Bxf3 {[%emt 0:28:07]} 12. Qxf3 {[%emt 0:05:24]} dxe5 {[%emt 0:00:59]} 13. Qxa8 {[%emt 0:02:10]} exd4 {[%emt 0:11:31]} 14. Ne2 {[%emt 0:06:03]} Bc5 {[%emt 0:04:03]} 15. Kh1 {[%emt 0:01:42]} Nd5 {[%emt 0:05:47]} 16. Rd1 {[%emt 0:07:20]} Qh4 {[%emt 0:03:27]} 17. Ng3 {[%emt 0:10:25]} Nxf4 {[%emt 0:09:17]} 18. Qf3 {[%emt 0:01:14]} Nd5 {[%emt 0:01:12]} 19. Ne4 {[%emt 0:02:05]} Qe7 {[%emt 0:01:52]} 20. c3 {[%emt 0:05:18]} Nc6 {[%emt 0:02:45]} 21. b4 {[%emt 0:04:56]} f5 {[%emt 0:03:53]} 22. Nxc5 {[%emt 0:10:49]} bxc5 {[%emt 0:01:44]} 23. Re1 {[%emt 0:05:15]} Re8 {[%emt 0:01:44]} 24. b5 {[%emt 0:02:00]} Na5 {[%emt 0:01:34]} 25. cxd4 {[%emt 0:02:33]} cxd4 {[%emt 0:00:16]} 26. bxa6 {[%emt 0:01:48]} Nc3 {[%emt 0:01:23]} 27. Bd2 {[%emt 0:01:37]} Rb8 {[%emt 0:00:27]} 28. Bxc3 {[%emt 0:01:14]} Rb3 {[%emt 0:01:53]} 29. Qa8+ {[%emt 0:00:10]} 1-0

[Event "CZE-ch Youth B14 2022"]
[Site "Luhacovice"]
[Date "2022.03.14"]
[Round "4.9"]
[White "Davidek, Zdenek"]
[Black "Juracak, David"]
[Result "1/2-1/2"]
[WhiteElo "1570"]
[BlackElo "1717"]
[Annotator "NA"]
[PlyCount "82"]
[EventDate "2022.03.12"]
[EventType "swiss"]
[EventCountry "CZE"]
[SourceTitle "playchess.com"]
[Source "ChessBase"]
[SourceQuality "1"]
[TimeControl "40/5400+30:1800+30"]

1. e4 {[%emt 0:00:25]} e5 {[%emt 0:00:05]} 2. Nf3 {[%emt 0:00:06]} Nf6 {[%emt 0:00:03]} 3. Nxe5 {[%emt 0:00:06]} d6 {[%emt 0:00:03]} 4. Nf3 {[%emt 0:00:06]} Nxe4 {[%emt 0:00:05]} 5. Nc3 {[%emt 0:00:08]} Nxc3 {[%emt 0:00:09]} 6. dxc3 {[%emt 0:00:05]} Be7 {[%emt 0:00:18]} 7. Be3 {[%emt 0:01:46]} a6 {[%emt 0:01:40]} 8. Qd2 {[%emt 0:00:49]} Nc6 {[%emt 0:00:09]} 9. O-O-O {[%emt 0:01:04]} Be6 {[%emt 0:00:07]} 10. Kb1 {[%emt 0:00:05]} Qd7 {[%emt 0:00:36]} 11. h3 {[%emt 0:03:40]} O-O-O {[%emt 0:00:55]} 12. Ng5 {[%emt 0:01:24]} Bxg5 {[%emt 0:00:10]} 13. Bxg5 {[%emt 0:00:07]} f6 {[%emt 0:00:03]} 14. Be3 {[%emt 0:00:20]} Rhe8 {[%emt 0:14:12]} 15. b3 {[%emt 0:03:06]} Re7 {[%emt 0:03:30]} 16. g4 {[%emt 0:03:13]} Rde8 {[%emt 0:04:03]} 17. Bg2 {[%emt 0:06:35]} Bf7 {[%emt 0:04:20]} 18. Rhe1 {[%emt 0:03:25]} Bg6 {[%emt 0:01:13]} 19. Bf4 {[%emt 0:08:36]} Be4 {[%emt 0:20:53]} 20. f3 {[%emt 0:01:26]} Bg6 {[%emt 0:00:06]} 21. Bg3 {[%emt 0:00:29]} h5 {[%emt 0:02:01]} 22. Rxe7 {[%emt 0:04:10]} Rxe7 {[%emt 0:00:11]} 23. Re1 {[%emt 0:01:16]} Rxe1+ {[%emt 0:01:33]} 24. Qxe1 {[%emt 0:00:08]} hxg4 {[%emt 0:00:37]} 25. fxg4 {[%emt 0:16:46]} f5 {[%emt 0:07:46]} 26. Qf1 {[%emt 0:28:08]} fxg4 {[%emt 0:05:07]} 27. hxg4 {[%emt 0:00:17]} Qf7 {[%emt 0:13:39]} 28. Qh1 {[%emt 0:03:39]} Qe8 {[%emt 0:00:43]} 29. Qf1 {[%emt 0:01:46]} Qf7 {[%emt 0:00:31]} 30. Qxf7 {[%emt 0:02:01]} Bxf7 {[%emt 0:00:05]} 31. Be4 {[%emt 0:00:04]} Kd7 {[%emt 0:01:14]} 32. Kc1 {[%emt 0:02:00]} g5 {[%emt 0:01:20]} 33. Kd2 {[%emt 0:00:35]} Be6 {[%emt 0:00:18]} 34. Bf2 {[%emt 0:01:12]} b6 {[%emt 0:03:30]} 35. Be3 {[%emt 0:01:49]} Bxg4 {[%emt 0:00:42]} 36. Bxg5 {[%emt 0:00:06]} Ne5 {[%emt 0:00:48]} 37. Ke3 {[%emt 0:02:44]} Be6 {[%emt 0:01:57]} 38. c4 {[%emt 0:01:30]} Ng4+ {[%emt 0:02:32]} 39. Ke2 {[%emt 0:01:24]} Ne5 {[%emt 0:00:34]} 40. c3 {[%emt 0:01:56]} Nf7 {[%emt 0:03:00]} 41. Be3 {[%emt 0:30:36]} Ne5 {[%emt 0:30:13]} 1/2-1/2

[Event "CZE-ch Youth B14 2022"]
[Site "Luhacovice"]
[Date "2022.03.14"]
[Round "4.10"]
[White "Vysinsky, Otakar"]
[Black "Tesar, Jakub"]
[Result "1-0"]
[WhiteElo "1534"]
[BlackElo "1660"]
[Annotator "NA"]
[PlyCount "85"]
[EventDate "2022.03.12"]
[EventType "swiss"]
[EventCountry "CZE"]
[SourceTitle "playchess.com"]
[Source "ChessBase"]
[SourceQuality "1"]
[TimeControl "40/5400+30:1800+30"]

1. e4 {[%emt 0:00:05]} c5 {[%emt 0:00:11]} 2. Nc3 {[%emt 0:00:07]} d6 {[%emt 0:00:11]} 3. g3 {[%emt 0:00:04]} g6 {[%emt 0:00:19]} 4. Bg2 {[%emt 0:00:07]} Bg7 {[%emt 0:00:08]} 5. d3 {[%emt 0:00:09]} Nc6 {[%emt 0:00:16]} 6. f4 {[%emt 0:00:33]} e6 {[%emt 0:00:12]} 7. Nf3 {[%emt 0:00:39]} Nge7 {[%emt 0:00:20]} 8. O-O {[%emt 0:00:45]} O-O {[%emt 0:00:14]} 9. Be3 {[%emt 0:01:46]} Rb8 {[%emt 0:03:47]} 10. Rb1 {[%emt 0:05:07]} b6 {[%emt 0:11:20]} 11. d4 cxd4 {[%emt 0:11:22]} 12. Nxd4 {[%emt 0:02:15]} Bb7 {[%emt 0:02:14]} 13. Nxc6 {[%emt 0:08:15]} Bxc6 {[%emt 0:01:23]} 14. Ne2 {[%emt 0:05:30]} d5 {[%emt 0:13:45]} 15. e5 {[%emt 0:04:14]} Bb5 {[%emt 0:08:56]} 16. Re1 {[%emt 0:04:02]} Qc7 {[%emt 0:04:59]} 17. Nd4 {[%emt 0:03:35]} Ba6 {[%emt 0:00:22]} 18. a4 {[%emt 0:09:31]} Rfc8 {[%emt 0:08:15]} 19. c3 {[%emt 0:05:12]} Bf8 {[%emt 0:05:01]} 20. Nb5 {[%emt 0:06:01]} Bxb5 {[%emt 0:01:21]} 21. axb5 {[%emt 0:00:01]} Nf5 {[%emt 0:00:40]} 22. Bf2 {[%emt 0:02:49]} Bc5 {[%emt 0:00:34]} 23. Qd2 {[%emt 0:02:58]} Bxf2+ {[%emt 0:03:15]} 24. Qxf2 {[%emt 0:00:10]} Qc5 {[%emt 0:04:12]} 25. Ra1 {[%emt 0:08:31]} Rb7 {[%emt 0:04:03]} 26. Bf1 {[%emt 0:05:26]} Rbc7 {[%emt 0:10:59]} 27. Ra4 {[%emt 0:05:47]} Rd8 {[%emt 0:02:29]} 28. g4 {[%emt 0:05:15]} Ne7 {[%emt 0:01:01]} 29. Rea1 {[%emt 0:02:35]} Nc8 {[%emt 0:00:33]} 30. Bd3 {[%emt 0:01:13]} Qxf2+ {[%emt 0:00:55]} 31. Kxf2 {[%emt 0:00:02]} Kg7 {[%emt 0:02:00]} 32. Ke3 {[%emt 0:01:16]} Rh8 33. f5 {[%emt 0:03:10]} Re8 {[%emt 0:00:49]} 34. f6+ {[%emt 0:01:15]} Kg8 {[%emt 0:00:16]} 35. h4 {[%emt 0:02:25]} h5 {[%emt 0:01:02]} 36. gxh5 {[%emt 0:01:30]} Kh8 {[%emt 0:00:31]} 37. hxg6 {[%emt 0:00:51]} fxg6 {[%emt 0:00:17]} 38. Bxg6 {[%emt 0:00:44]} Rg8 {[%emt 0:00:16]} 39. h5 {[%emt 0:02:46]} Rc5 {[%emt 0:00:21]} 40. Rb4 {[%emt 0:00:00]} Rc7 {[%emt 0:00:00]} 41. Kf4 {[%emt 0:02:22]} Rd7 {[%emt 0:01:16]} 42. Kg5 {[%emt 0:01:18]} Rf7 {[%emt 0:01:32]} 43. h6 {[%emt 0:01:02]} 1-0

[Event "CZE-ch Youth B14 2022"]
[Site "Luhacovice"]
[Date "2022.03.14"]
[Round "4.11"]
[White "Juhanak, Daniel"]
[Black "Mrazek, Adam"]
[Result "1-0"]
[WhiteElo "1688"]
[BlackElo "1582"]
[Annotator "NA"]
[PlyCount "59"]
[EventDate "2022.03.12"]
[EventType "swiss"]
[EventCountry "CZE"]
[SourceTitle "playchess.com"]
[Source "ChessBase"]
[SourceQuality "1"]
[TimeControl "40/5400+30:1800+30"]

1. e4 {[%emt 0:00:05]} c5 {[%emt 0:00:20]} 2. Nf3 {[%emt 0:00:30]} Nc6 {[%emt 0:00:30]} 3. d4 {[%emt 0:00:30]} cxd4 {[%emt 0:00:30]} 4. Nxd4 {[%emt 0:00:00]} g6 {[%emt 0:00:00]} 5. c4 {[%emt 0:00:16]} Bg7 {[%emt 0:00:37]} 6. Be3 {[%emt 0:00:16]} Nf6 {[%emt 0:01:28]} 7. Nc3 {[%emt 0:00:30]} O-O {[%emt 0:01:09]} 8. Be2 {[%emt 0:00:48]} d6 {[%emt 0:00:56]} 9. O-O {[%emt 0:00:25]} Bd7 {[%emt 0:01:08]} 10. Nc2 {[%emt 0:00:26]} Rc8 {[%emt 0:04:44]} 11. Rc1 {[%emt 0:00:59]} Ne5 {[%emt 0:04:58]} 12. Na3 {[%emt 0:07:10]} b6 {[%emt 0:11:47]} 13. f3 {[%emt 0:01:20]} Bc6 {[%emt 0:01:04]} 14. Qd2 {[%emt 0:01:17]} Ned7 {[%emt 0:02:48]} 15. Rfd1 {[%emt 0:02:09]} a5 {[%emt 0:14:56]} 16. b3 {[%emt 0:04:33]} Nc5 {[%emt 0:01:37]} 17. Bf1 {[%emt 0:01:19]} Nfd7 {[%emt 0:01:26]} 18. Nc2 {[%emt 0:07:52]} Qc7 {[%emt 0:08:28]} 19. Kh1 {[%emt 0:04:20]} Rfd8 {[%emt 0:11:04]} 20. Nd4 {[%emt 0:04:45]} Ne5 {[%emt 0:04:50]} 21. Qf2 {[%emt 0:01:16]} Ra8 {[%emt 0:04:29]} 22. Rc2 {[%emt 0:07:48]} Be8 {[%emt 0:07:16]} 23. Nd5 {[%emt 0:01:22]} Qb7 {[%emt 0:01:07]} 24. Qh4 {[%emt 0:06:16]} Ra7 {[%emt 0:02:39]} 25. Bg5 {[%emt 0:05:44]} Bf8 {[%emt 0:02:28]} 26. f4 {[%emt 0:16:45]} Nc6 {[%emt 0:00:33]} 27. Nb5 {[%emt 0:01:20]} Raa8 {[%emt 0:04:51]} 28. f5 {[%emt 0:04:05]} Nb4 {[%emt 0:05:56]} 29. Rc3 {[%emt 0:08:45]} f6 {[%emt 0:00:48]} 30. Rh3 {[%emt 0:01:49]} 1-0

[Event "CZE-ch Youth B14 2022"]
[Site "Luhacovice"]
[Date "2022.03.14"]
[Round "4.12"]
[White "Veverka, Vladimir"]
[Black "Hozda, Max"]
[Result "0-1"]
[WhiteElo "1723"]
[BlackElo "1901"]
[Annotator "ChessBase"]
[PlyCount "72"]
[EventDate "2022.03.12"]
[EventType "swiss"]
[EventCountry "CZE"]
[SourceTitle "playchess.com"]
[Source "ChessBase"]
[SourceQuality "1"]
[TimeControl "40/5400+30:1800+30"]

1. d4 d5 2. c4 e6 3. Nc3 c6 4. cxd5 exd5 5. Nf3 Bf5 6. Bf4 Nf6 7. e3 Nbd7 8. Bd3 Bg4 9. h3 Bh5 10. O-O Be7 11. Rb1 a5 12. a3 O-O 13. Be2 Re8 14. b4 axb4 15. axb4 Ne4 16. Nxe4 dxe4 17. Nd2 Bxe2 18. Qxe2 f5 19. Nc4 Nf6 20. Rfc1 Nd5 21. Ne5 Bxb4 22. Qc4 Qe7 23. Rb3 Rec8 24. Rcb1 Ra4 25. Bg3 Kf8 26. Rc1 Qe6 27. Rcb1 b5 28. Qc2 Bd6 29. Rc1 Bxe5 30. Bxe5 Rc4 31. Qb2 Nb6 32. Bg3 Kg8 33. Rxc4 Nxc4 34. Qc2 Ra8 35. Qd1 Qd5 36. Qc2 Nd2 0-1